000 00774nam a2200205 i 4500
001 187419
003 SpMaBN
005 20230906222922.0
008 170703s1995 sp ae |||| | spa d
020 _a84-7671-281-2
080 _a7:069(460.253 B.)(091)
080 _a727(460.253 B.)(091)
245 0 0 _aMuseo Extremeño e Iberoamericano de Arte Contemporáneo, Badajoz.
260 _a[Badajoz] :
_bConsejería de Cultura y Patrimonio :
_bEditora Regional de Extremadura,
_c[1995]
300 _a269 p. :
_bil. col. y n. ;
_c24 x 30 cm.
546 _aTextos en español y portugués.
610 2 7 _aMuseo Extremeño e Iberoamericano de Arte Contemporáneo.
_9163332
710 1 _aExtremadura.
_bConsejería de Cultura y Patrimonio.
_94051
852 _aES-MaACL
_jL-31760
999 _c187419
_d187419